000 01151nabaa22001937a 4500
999 _c6176
_d6176
003 OSt
005 20260123232621.0
008 190701b xxu||||| |||| 00| 0 spa d
040 _cPJ
100 _96917
_aNovik, Yanet Paula
245 1 0 _aDenuncia de ilegitimidad :
_b¿herramienta que permite una verdadera defensa del administrado? /
_cYanet Paula Novik.
300 _ap. 73-81
500 _aCita: TR LALEY AR/DOC/1110/2024
505 _aSumario: I. Introducción.— II. Actos administrativos. Definición.— III. Agotamiento de la vía administrativa.— IV. Análisis breve de la figura de la denuncia de ilegitimidad.— V. El derecho de defensa, una herramienta para promover la igualdad.— VI. Jurisprudencia argentina respecto a la habilitación de la instancia judicial tras la resolución de la denuncia de ilegitimidad.— VII. Conclusión.
505 _t¿Te interesa el texto completo? Comunicate al correo: koha@justierradelfuego.gov.ar
650 0 _9211
_aDERECHO ADMINISTRATIVO
773 0 _02842
_93251
_dBuenos Aires : AbeledoPerrot, 2012-
_oDA121
_tDerecho administrativo. Nº 153 mayo/junio 2024
_z18510590
942 _2udc
_cANA